| 000 | 00830nam a2200229 a 4500 | ||
|---|---|---|---|
| 001 | 55996 | ||
| 003 | BD-RjUL | ||
| 005 | 20211209080336.0 | ||
| 008 | 161124s1965 bg ||||| |||| 00| 0 ben d | ||
| 020 | _c: TK 5.00 | ||
| 035 | _a(BD-RjUL)56120 | ||
| 040 |
_aBD-RjUL _bben _cBD-RjUL |
||
| 041 | _aben | ||
| 082 |
_223 _a915.1 _bSHN 1965 |
||
| 100 |
_aশামসুদ্দীন, আবুল কালাম _9166686 |
||
| 245 | 1 | 0 |
_aনতুন চীন নতুন দেশ / _cআবুল কালাম শামসুদ্দীন |
| 260 |
_aঢাকা : _bআহমদ পাবলিশিং , _c১৯৬৫ |
||
| 300 |
_a১১০ পৃ. : _bচিত্র ; _c২১ সেমি. |
||
| 650 |
_a চীন ভ্রমণ _9165234 |
||
| 650 |
_aTravel in china _9165235 |
||
| 942 |
_2ddc _cBK |
||
| 999 |
_c55996 _d55996 |
||